000
00493nam a2200181Ia 4500
008
090123s9999 xx 000 0 und d
082
_b
1203
100
_a
कुसुमाग्रज
245
_a
फुलराणी
250
_a
1
260
_b
कुलकर्णी अ.अ.
300
_a
130
600
_a
कुसुमाग्रज
630
_a
फुलराणी
700
_a
कुसुमाग्रज
730
_a
फुलराणी
942
_c
BOOK
999
_c
39287
_d
39287